<?xml version="1.0" encoding="UTF-8"?>
<record
    xmlns:xsi="http://www.w3.org/2001/XMLSchema-instance"
    xsi:schemaLocation="http://www.loc.gov/MARC21/slim http://www.loc.gov/standards/marcxml/schema/MARC21slim.xsd"
    xmlns="http://www.loc.gov/MARC21/slim">

  <leader>00967nam a22001577a 4500</leader>
  <controlfield tag="003">SGT</controlfield>
  <datafield tag="020" ind1=" " ind2=" ">
    <subfield code="a">9788177588118</subfield>
  </datafield>
  <datafield tag="082" ind1=" " ind2=" ">
    <subfield code="a">332.6,FIS</subfield>
  </datafield>
  <datafield tag="245" ind1=" " ind2=" ">
    <subfield code="a">SECURITY ANALYSIS AND PORTFOLIO MANAGEMENT </subfield>
  </datafield>
  <datafield tag="250" ind1=" " ind2=" ">
    <subfield code="a">6TH</subfield>
  </datafield>
  <datafield tag="260" ind1=" " ind2=" ">
    <subfield code="a">NEW DELHI</subfield>
    <subfield code="b">PEARSON</subfield>
    <subfield code="c">2013</subfield>
  </datafield>
  <datafield tag="300" ind1=" " ind2=" ">
    <subfield code="a">703</subfield>
  </datafield>
  <datafield tag="650" ind1=" " ind2=" ">
    <subfield code="a">FINANCIAL ECONOMICS</subfield>
  </datafield>
  <datafield tag="653" ind1=" " ind2=" ">
    <subfield code="a">1.	INTRODUCTION TO SECURITIES. 2.	MARKETS FOR SECURITIES AND TAXES. 3.	RISK AND RETURN. 4.	ECONOMIC ANALYSIS. 5.	INDUSTRY ANALYSIS. 6.	COMPANY ANALYSIS: MEASURING EARNINGS. 7.	COMPANY ANALYSIS: FORECASTING EARNINGS. 8.	COMPANY ANALYSIS: APPLIED VALUATION. 9.	BOND ANALYSIS; RETURNS AND SYSTEMATIC RISK. 10.	BOND ANALYSIS: UNSYSTEMATIC RISK. 11.	BOND MANAGEMENT STRATEGIES. 12.	OPTIONS. 13.	RIGHTS, WARRANTS AND CONVERTIBLES. 14.	FUTURES. 15.	TECHNICAL ANALYSIS. 16.	EFFICIENT&#x2014;MARKET THEORY 17.	PORTFOLIO ANALYSIS. 18.	PORTFOLIO SELECTION. 19.	CAPITAL MARKET THEORY. 20.	MANAGED PORTFOLIOS AND PERFORMANCE MEASUREMENTS.</subfield>
  </datafield>
  <datafield tag="942" ind1=" " ind2=" ">
    <subfield code="2">ddc</subfield>
    <subfield code="c">FCM</subfield>
    <subfield code="0">6</subfield>
  </datafield>
  <datafield tag="952" ind1=" " ind2=" ">
    <subfield code="0">0</subfield>
    <subfield code="1">0</subfield>
    <subfield code="2">ddc</subfield>
    <subfield code="4">0</subfield>
    <subfield code="7">0</subfield>
    <subfield code="8">CM</subfield>
    <subfield code="a">SSSL</subfield>
    <subfield code="b">SSSL</subfield>
    <subfield code="c">DISPLAY</subfield>
    <subfield code="d">2016-06-03</subfield>
    <subfield code="e">KIRTI PRAKASHAN</subfield>
    <subfield code="g">715.00</subfield>
    <subfield code="i">SGTU</subfield>
    <subfield code="l">4</subfield>
    <subfield code="o">332.6,FIS</subfield>
    <subfield code="p">CM771</subfield>
    <subfield code="r">2017-12-08 00:00:00</subfield>
    <subfield code="s">2017-11-20</subfield>
    <subfield code="w">2015-08-14</subfield>
    <subfield code="y">FCM</subfield>
    <subfield code="k">2705</subfield>
  </datafield>
  <datafield tag="952" ind1=" " ind2=" ">
    <subfield code="0">0</subfield>
    <subfield code="1">0</subfield>
    <subfield code="2">ddc</subfield>
    <subfield code="4">0</subfield>
    <subfield code="7">0</subfield>
    <subfield code="8">CM</subfield>
    <subfield code="a">SSSL</subfield>
    <subfield code="b">SSSL</subfield>
    <subfield code="c">DISPLAY</subfield>
    <subfield code="d">2016-06-03</subfield>
    <subfield code="e">KIRTI PRAKASHAN</subfield>
    <subfield code="g">715.00</subfield>
    <subfield code="i">SGTU</subfield>
    <subfield code="l">13</subfield>
    <subfield code="o">332.6,FIS</subfield>
    <subfield code="p">CM772</subfield>
    <subfield code="r">2022-03-31 00:00:00</subfield>
    <subfield code="s">2022-03-31</subfield>
    <subfield code="w">2015-08-14</subfield>
    <subfield code="y">FCM</subfield>
    <subfield code="k">2705</subfield>
  </datafield>
  <datafield tag="952" ind1=" " ind2=" ">
    <subfield code="0">0</subfield>
    <subfield code="1">0</subfield>
    <subfield code="2">ddc</subfield>
    <subfield code="4">0</subfield>
    <subfield code="7">1</subfield>
    <subfield code="8">CM</subfield>
    <subfield code="a">SSSL</subfield>
    <subfield code="b">SSSL</subfield>
    <subfield code="c">REF</subfield>
    <subfield code="d">2016-06-03</subfield>
    <subfield code="e">KIRTI PRAKASHAN</subfield>
    <subfield code="g">715.00</subfield>
    <subfield code="i">SGTU</subfield>
    <subfield code="o">332.6,FIS</subfield>
    <subfield code="p">CM773</subfield>
    <subfield code="r">2016-06-03 00:00:00</subfield>
    <subfield code="w">2015-08-14</subfield>
    <subfield code="y">FCM</subfield>
    <subfield code="k">2705</subfield>
  </datafield>
  <datafield tag="999" ind1=" " ind2=" ">
    <subfield code="c">8927</subfield>
    <subfield code="d">8927</subfield>
  </datafield>
</record>
